| 000 | 00528nam a2200181Ia 4500 | ||
|---|---|---|---|
| 005 | 20250317125740.0 | ||
| 008 | 008 250317s9999 xx 000 0 eng d | ||
| 037 | _aTextbook | ||
| 040 |
_aFMSL _beng _cFMSL |
||
| 041 |
_aeng _2eng |
||
| 084 |
_aX:8k N3 _qFMSL |
||
| 100 | _aSuelflow James E | ||
| 245 | 0 | _aPublic utility accounting ; Theory & application | |
| 260 |
_aUSA _bUSA, MSU Public Utilities Studies _c1973 |
||
| 300 | _a325p | ||
| 942 |
_cTB _hX:8k N3 |
||
| 999 |
_c1260804 _d1260804 |
||